ბათუმის შოთა რუსთაველის სახელმწიფო უნივერსიტეტის ბიბლიოთეკა

Монтажно-строительные машины и механизмы для сооружения магистральных трубопроводов. (ბიბ.ჩანაწერი № 40669)

000 -LEADER
fixed length control field 00805nam a2200217Ia 4500
001 - CONTROL NUMBER
control field 7297
003 - CONTROL NUMBER IDENTIFIER
control field GE_BSU
008 - FIXED-LENGTH DATA ELEMENTS--GENERAL INFORMATION
fixed length control field 181216s||||||||xx |||||||||||||| ||und||
040 ## - CATALOGING SOURCE
Transcribing agency GE_BSU
080 ## - UNIVERSAL DECIMAL CLASSIFICATION NUMBER
Universal Decimal Classification number 621.643
100 ## - MAIN ENTRY--PERSONAL NAME
Personal name Гальперин,А.И.
245 ## - TITLE STATEMENT
Title Монтажно-строительные машины и механизмы для сооружения магистральных трубопроводов.
245 ## - TITLE STATEMENT
Remainder of title Учебник.
245 ## - TITLE STATEMENT
Statement of responsibility, etc. Вед.ред. М.М.Новикова.
260 ## - PUBLICATION, DISTRIBUTION, ETC.
Place of publication, distribution, etc. М.
260 ## - PUBLICATION, DISTRIBUTION, ETC.
Name of publisher, distributor, etc. Недра.
260 ## - PUBLICATION, DISTRIBUTION, ETC.
Date of publication, distribution, etc. 1964.
300 ## - PHYSICAL DESCRIPTION
Extent 356стр.22см.с илл.
653 ## - INDEX TERM--UNCONTROLLED
Uncontrolled term Монтажно-строительные машины и механизмы для сооружения магистральных трубопроводов.
942 ## - ADDED ENTRY ELEMENTS (KOHA)
Koha item type წიგნი
ეგზემპლარები
Withdrawn status Lost status Damaged status Not for loan Date acquired Barcode Date last seen Price effective from Koha item type
        2018-12-17 9609 2018-12-17 2018-12-17 წიგნი